Использование космических средств в целях картографирования, 1992-1997 гг. (Запись № 575191)

Подробности
000 -МАРКЕР
контрольное поле 01548nam0a2200289 4500
001 - ИДЕНТИФИКАТОР ЗАПИСИ
контрольное поле RU\NLR\bibl\104079
005 - ИДЕНТИФИКАТОР ВЕРСИИ
контрольное поле 20260407122809.0
021 ## - НОМЕР ГОСУДАРСТВЕННОЙ РЕГИСТРАЦИИ
Код страны Российская Федерация
Номер 2000-12230
Номер Листа государственной регистраци 602
035 ## - ДРУГИЕ СИСТЕМНЫЕ НОМЕРА
Идентификатор записи (NLR Aleph) 000101820
100 ## - ДАННЫЕ ОБЩЕЙ ОБРАБОТКИ
Данные общей обработки 20000818d2000 |||y0rusy50 ca
101 0# - ЯЗЫК РЕСУРСА
Язык текста, звукозаписи и т.д. русский
102 ## - СТРАНА ПУБЛИКАЦИИ ИЛИ ПРОИЗВОДСТВА
Страна публикации Российская Федерация
105 ## - ПОЛЕ КОДИРОВАННЫХ ДАННЫХ: ТЕКСТОВЫЕ МАТЕРИАЛЫ, МОНОГРАФИЧЕСКИЕ
Кодированные данные о монографическом текстовом документе y |||||||||
200 1# - ЗАГЛАВИЕ И СВЕДЕНИЯ ОБ ОТВЕТСТВЕННОСТИ
Основное заглавие Использование космических средств в целях картографирования, 1992-1997 гг.
Сведения, относящиеся к заглавию Рефератив.-библиогр. указ.
Первые сведения об ответственности Федер. служба геодезии и картографии России, ЦНИИ геодезии, аэросъемки и картографии им. Ф.Н. Красовского
Последующие сведения об ответственности [Сост.: Т.П. Агилера]
210 ## - ПУБЛИКАЦИЯ, РАСПРОСТРАНЕНИЕ И ДР.
Место издания, распространения и т.д. М.
Имя издателя, распространителя и т. д. ЦНИИГАиК
Дата издания, распространения и т.д. 2000
215 ## - ФИЗИЧЕСКАЯ ХАРАКТЕРИСТИКА
Специфическое обозначение материала и объем 96 с.
Размеры 20
606 0# - НАИМЕНОВАНИЕ ТЕМЫ КАК ПРЕДМЕТ
Наименование темы Картографирование
Формальный подзаголовок Библиография
Тематический подзаголовок Применение аэрофотосъемки
Системный номер авторитетной/нормативной записи 1097654
Идентификатор авторитетной/нормативной записи RU\NLR\auth\66112251
686 ## - ИНДЕКСЫ ДРУГИХ КЛАССИФИКАЦИЙ
Индекс Д174.01в751я1
702 #1 - ИМЯ ЛИЦА - ВТОРИЧНАЯ ОТВЕТСТВЕННОСТЬ
Код отношения Составитель
Графика поля Кириллица
Материалы, к которым относится поле rus
Начальный элемент ввода Агилера Дельгадо
Часть имени, кроме начального элемента ввода Т. П.
Дополнения к именам, кроме дат геодезист, художник
Даты 1946-
Расширение инициалов личного имени Татьяна Павловна
Системный номер авторитетной/нормативной записи 243832
Идентификатор авторитетной/нормативной записи RU\NLR\AUTH\770243888
712 02 - НАИМЕНОВАНИЕ ОРГАНИЗАЦИИ - ВТОРИЧНАЯ ОТВЕТСТВЕННОСТЬ
Код отношения Прочие
Начальный элемент ввода ЦНИИ геодезии, аэросъемки и картографии им. Ф. Н. Красовского
Идентифицирующий признак Москва
Системный номер авторитетной/нормативной записи 415665
Идентификатор авторитетной/нормативной записи RU\NLR\AUTH\889959730
801 #0 - ИСТОЧНИК ЗАПИСИ
Страна Российская Федерация
Организация NLR
Дата составления 20000818
Правила каталогизации PSBO
801 #1 - ИСТОЧНИК ЗАПИСИ
Страна Российская Федерация
Организация NLR
Дата составления 20000818
852 ## - МЕСТОНАХОЖДЕНИЕ И ШИФР ХРАНЕНИЯ
Идентификатор организации NLR
Шифр хранения (Call Number) С К-1/7997
942 ## - ДОПОЛНИТЕЛЬНЫЕ ЭЛЕМЕНТЫ ЗАПИСИ (АБИС)
Тип экземпляра АБИС Книга
980 ## - КОЛЛЕКЦИЯ
Название коллекции Национальная библиография
Экземпляры
Тип экземпляра Дата поступления Источник поступления Библиотека постоянного хранения Библиотека текущего хранения Место хранения Шифр хранения Штрих-код Статус экземпляра
Книга 18.08.2000 Обязательный экземпляр РНБ (Московский) РНБ (Московский) Центральная справочная библиотека С К-1/7997 1-3639738  
Книга 18.08.2000 Обязательный экземпляр РНБ (Московский) РНБ (Московский) Центральная справочная библиотека С К-1/7997 1-3639739